| 000 | 00472nam a2200157Ia 4500 | ||
|---|---|---|---|
| 008 | 150223s9999 xx 000 0 und d | ||
| 020 | _a8179292746 | ||
| 050 |
_aPE 1112 _b.M624 2011 |
||
| 100 | _aMichigan E.A. | ||
| 245 |
_aQuick writing and spell check for everyone / _cE. A Michigan. |
||
| 250 | _a1st edition | ||
| 260 |
_aNew delhi: _bThakur Enterprises, _c2011 |
||
| 300 |
_a183 pages : _bIllustration; _c22 cm. |
||
| 650 | _aGood grammar. | ||
| 650 | _aspell check. | ||
| 999 |
_c283266 _d283266 |
||